000 00452nam a22001097a 4500
008 110623t xxu||||| |||| 00| 0 eng d
010 _aHCMAF101
245 _aHigh Court Miscellaneous Application No. 40 OF 1997 From H.C.C.A No. 23/96 Hamidali Ahmed Vs Attorney General
260 _c1997
500 _aBefore: THE HONOURABLE MR. JUSTICE AUGUSTUS KANIA
999 _c3715
_d3715